| 000 | 00660nam a22002171c 4500 | ||
|---|---|---|---|
| 001 | 9783406670176-nbs | ||
| 008 | 141205s2014 gw a||| 000u ger d | ||
| 020 |
_a9783406670176 _9978-3-406-67017-6 |
||
| 041 | _ager | ||
| 100 | 1 | _aDalos, György | |
| 245 | 0 | 0 |
_aGeschichte der Russlanddeutschen : _bVon Katharina der Großen bis zur Gegenwart / _cGyörgy Dalos. Deutsche Bearbeitung von Elsbeth Zylla |
| 250 | _a1 Aufl. | ||
| 264 |
_aMünchen : _bBeck, _c2014 |
||
| 300 | _a330 S. ; Ill. | ||
| 648 | 0 | _a1763-2007 | |
| 650 | 0 | _aRusslanddeutsche | |
| 700 | 1 |
_aZylla, Elsbeth _eBearbeiterIn |
|
| 942 | _cMG | ||
| 040 | _cRU-10907106 | ||
| 003 | RU-10907106 | ||
| 999 |
_c37175 _d37175 |
||